[Event "Baku Open 2018"]
[Site "Baku"]
[Date "2018.11.26"]
[Round "3"]
[White "Mohannad, Farhan"]
[Black "Sanikidze, Tornike"]
[Result "0-1"]
[WhiteElo "2192"]
[BlackElo "2512"]
[Annotator "TA"]
[PlyCount "61"]
[EventDate "2018.11.24"]
[EventType "swiss"]
[EventCountry "AZE"]
[SourceTitle "playchess.com"]
[Source "ChessBase"]
[SourceQuality "1"]

{[%evp 11,61,21,35,14,9,2,2,1,2,2,4,-17,0,0,12,-7,0,-4,-7,-37,-32,-127,-115,-121,-116,-141,-145,-169,-172,-150,-159,-158,-147,-241,-249,-302,-297,-325,-319,-317,-316,-444,-440,-410,-328,-328,-328,-328,-328,-327,-324,-324]} 1. d4 g6 2. e4 Bg7 3. c3 d6 4. Bd3 e5 5. Ne2 Nf6 6. O-O O-O {LiveBook: 24 Games} 7. Bg5 {B06: Modern Defence} (7. h3 d5 8. exd5 exd4 9. c4 c6 10. Nxd4 cxd5 11. Nc3 Nc6 12. Nxc6 bxc6 13. cxd5 Nxd5 14. Na4 Rb8 {1-0 (47) Nepomniachtchi,I (2720)-Karjakin,S (2760) Moscow 2010}) 7... h6 8. Bh4 g5 9. Bg3 {The position is equal.} Nh5 10. Nd2 Nc6 11. Nb3 Qf6 $146 ({Predecessor:} 11... Nf4 12. f3 {½-½ (86) Appel,H (2156)-Gruber,R (2174) Bayern 2016}) 12. d5 Ne7 13. c4 b6 14. Nc3 {[%cal Be2c3,Bc3e4,Be4g3,Bg3h5][%mdl 32]} Nf4 15. Bxf4 exf4 16. e5 (16. Be2 $15) 16... Qxe5 17. Re1 Qf6 18. Ne4 Qg6 $1 ({Don't do} 18... Qxb2 19. Nxg5 $1 {[%mdl 512]} Ng6 20. Rb1 $15) 19. Ng3 Nf5 20. Nh5 Bxb2 21. Rb1 Be5 {And now ...g4 would win.} 22. g4 (22. h3 $17) 22... fxg3 $1 $19 23. hxg3 {[#]} g4 $1 24. Re4 Qxh5 25. Rxg4+ Bg7 26. Nd4 (26. Be2 $142 Ne3 {[#]} 27. Rxg7+ $1 {[%mdl 512]} Kxg7 28. Bxh5 Nxd1 29. Rxd1) 26... Kh8 27. Nc6 Ne3 28. Rxg7 {Intending Rh7+ and mate.Black has a decisive advantage.} Qxd1+ ({Stronger than} 28... Nxd1 29. Rh7+ Kg8 30. Ne7#) 29. Rxd1 {White wants to mate with Rh7+.} Kxg7 30. fxe3 Bd7 31. Nd4 {Precision: White = 31%, Black = 79%.} 0-1

[Event "Baku Open 2018"]
[Site "Baku"]
[Date "2018.11.27"]
[Round "4"]
[White "Safarli, Eltaj"]
[Black "Sibashvili, Giorgi"]
[Result "1-0"]
[WhiteElo "2671"]
[BlackElo "2438"]
[Annotator "TA"]
[PlyCount "59"]
[EventDate "2018.11.24"]
[EventType "swiss"]
[EventCountry "AZE"]
[SourceTitle "playchess.com"]
[Source "ChessBase"]
[SourceQuality "1"]

{[%evp 16,59,13,20,22,20,25,28,28,23,20,29,20,10,10,10,18,14,54,53,79,64,78,69,80,81,111,114,103,91,90,94,83,87,107,110,95,111,900,886,813,775,741,690,5414,5418]} 1. e4 e5 2. Nf3 Nc6 3. Bb5 Nf6 4. d3 d6 5. O-O Bd7 (5... Be7 6. c3 O-O 7. Re1 a6 8. Ba4 Re8 9. Nbd2 Bf8 10. Nf1 h6 11. Ng3 b5 12. Bb3 Be6 13. Bxe6 Rxe6 14. a4 b4 15. d4 d5 16. dxe5 Nxe4 17. c4 Nxe5 18. cxd5 Nxf2 19. Kxf2 Ng4+ 20. Kf1 Rxe1+ 21. Qxe1 Qxd5 22. Qe4 Qd1+ 23. Qe1 Qd5 24. Qe4 Qd1+ 25. Qe1 {½-½ (25) Vachier Lagrave,M (2780)-Naiditsch,A (2721) Douglas 2018}) 6. c4 {C66: Ruy Lopez: Steinitz Defence} g6 7. Nc3 Bg7 8. h3 O-O 9. Be3 {LiveBook: 15 Games} Nh5 10. Bxc6 bxc6 $146 ({Predecessor:} 10... Bxc6 11. d4 b6 12. Re1 Bb7 13. b4 {1-0 (65) Oleksienko,M (2629)-Deac,B (2437) Iasi 2015}) 11. d4 exd4 12. Bxd4 Bxd4 13. Qxd4 c5 14. Qd2 Bc6 15. Rfe1 Re8 16. Re3 Nf4 17. Rae1 Qf6 18. Nd5 Bxd5 $1 19. cxd5 Rab8 20. b3 Rb4 21. a3 Rb6 22. e5 dxe5 23. Nxe5 {[#] Strongly threatening Ng4.} Qg5 {[%csl Gf4][%cal Rg5g2]} 24. Ng4 Rxe3 25. Qxe3 {And now Qc3 would win.} h5 {[#]} 26. Qc3 $1 $40 {[%mdl 128] White wants to mate with Re8+. White attacks with force.} f6 $2 {[%mdl 8192]} (26... Kh7 $16 27. Re8 Ne2+ 28. Rxe2 hxg4) 27. Qxc5 $18 {Intending Re8+ and mate.White is clearly winning.} Re6 28. dxe6 {Qxg5 would kill now.} Qxc5 29. e7 Ne2+ 30. Rxe2 {Accuracy: White = 97%, Black = 52%.} 1-0

[Event "Baku Open 2018"]
[Site "Baku"]
[Date "2018.11.27"]
[Round "4"]
[White "Popov, Ivan"]
[Black "Aliyev, Ravan"]
[Result "1/2-1/2"]
[WhiteElo "2590"]
[BlackElo "2351"]
[Annotator "TA"]
[PlyCount "138"]
[EventDate "2018.11.24"]
[EventType "swiss"]
[EventCountry "AZE"]
[SourceTitle "playchess.com"]
[Source "ChessBase"]
[SourceQuality "1"]

{[%evp 15,138,7,17,17,18,14,14,14,16,13,37,31,33,28,27,27,39,20,34,-17,-16,-37,-31,-30,32,37,47,36,85,92,65,49,91,81,74,18,16,21,85,77,56,47,54,54,104,69,81,49,46,49,104,79,86,69,82,83,118,116,115,98,92,18,20,27,12,0,0,0,0,0,0,0,0,0,0,0,0,0,0,0,0,-106,-107,-131,8,8,8,8,8,8,8,0,0,0,0,0,0,0,0,0,0,0,0,0,0,0,0,0,8,8,8,8,8,0,8,8,8,8,8,8,8,8,8,0,8]} 1. e4 e5 2. Nf3 Nc6 3. Bb5 a6 4. Ba4 Nf6 5. O-O Be7 6. d3 b5 7. Bb3 d6 8. a4 Bd7 9. Bd2 {C84: Closed Ruy Lopez: Unusual White 6th moves} b4 (9... O-O 10. h3 b4 11. a5 Rb8 12. c3 h6 13. Re1 Re8 14. d4 Bf8 15. d5 bxc3 16. bxc3 Ne7 {1-0 (54) Grischuk,A (2766)-Caruana,F (2816) Paris 2018}) 10. a5 O-O 11. Be3 h6 $146 ({Predecessor:} 11... Qc8 12. Nbd2 h6 13. h3 Rb8 14. Nc4 Be6 15. Re1 Rd8 16. Qe2 Qb7 {1-0 (43) Andriasian,Z (2621)-Sadzikowski,D (2551) Abu Dhabi 2016}) 12. h3 Re8 13. Nbd2 Bf8 14. Nc4 Rb8 15. Nfd2 Be6 16. Ba4 Bd7 17. c3 (17. f4 $14) 17... Ne7 $11 18. d4 bxc3 {[#] And now ...Bxa4 would win.} 19. bxc3 Ng6 ({Better is} 19... Bxa4 $11 20. Qxa4 exd4 21. Bxd4 (21. cxd4 d5 $15) 21... Ng6) 20. d5 $14 Bb5 21. Bxb5 Rxb5 22. Na3 Rb2 23. Qa4 Qa8 24. Nc2 Nf4 25. Bxf4 (25. Rae1 $16) 25... exf4 $11 26. Rfb1 Reb8 (26... Rxb1+ $11 {remains equal.} 27. Rxb1 f3) 27. Rxb2 $16 Rxb2 28. Nc4 $36 {[%mdl 2048] White has good play.} Rb8 29. Re1 Re8 30. Nd2 Qa7 31. Kf1 Qc5 32. Qb4 Qa7 (32... g5 $14) 33. Nd4 Rb8 34. Qa3 {Strongly threatening Nc6.} Qa8 35. Nc6 Rb5 36. c4 Rb7 37. Qf3 Rb2 38. Rb1 (38. Qxf4 $16 Nd7 39. Nf3) 38... Qb7 $11 ({Not} 38... Rxd2 $2 39. Qxf4 (39. Rb8 Qxb8 40. Nxb8 Ra2 $18) 39... Ra2 40. Rb8 $18) 39. Rxb2 Qxb2 40. Ke2 Nd7 41. Qxf4 Ne5 42. Qe3 Nxc6 43. dxc6 Qa2 44. Qb3 Qxa5 45. g3 g6 46. Qb8 Kg7 47. Nf1 Qc5 48. Ne3 (48. Qxc7 $11 {was the only way to keep the balance.} Qxc4+ {[%mdl 64] Double Attack} 49. Ke1 Qc1+ 50. Ke2 Qc4+ 51. Ke1 Qxe4+ 52. Ne3) 48... Qxc6 $17 49. Kd3 Qb6 (49... Qc5 $17 50. f4 Be7) 50. Qxb6 $11 {The position is equal.} cxb6 {[%mdl 4096] Endgame KB-KN} 51. Nd5 b5 52. cxb5 axb5 53. Kc3 f5 54. exf5 gxf5 55. Kb4 Kf7 56. Kxb5 Bg7 57. Kc4 Be5 58. Nc7 Ke7 59. Kd5 Bc3 60. f3 Be1 61. g4 fxg4 62. hxg4 Kf6 63. Ne6 Bg3 64. Nd4 h5 65. gxh5 Kg5 66. h6 {[%mdl 64] [#] Decoy} Kxh6 67. Nf5+ Kg5 68. Nxg3 {Intending Ne2 and mate.} Kf4 {[%mdl 64] Double Attack} 69. Kxd6 Kxf3 {Accuracy: White = 59%, Black = 62%.} 1/2-1/2

[Event "Baku Open 2018"]
[Site "Baku"]
[Date "2018.11.27"]
[Round "4"]
[White "Fier, Alexandr"]
[Black "Suleymanli, Aydin"]
[Result "0-1"]
[WhiteElo "2553"]
[BlackElo "2313"]
[Annotator "TA"]
[PlyCount "114"]
[EventDate "2018.11.24"]
[EventType "swiss"]
[EventCountry "AZE"]
[SourceTitle "playchess.com"]
[Source "ChessBase"]
[SourceQuality "1"]

{[%evp 11,114,0,0,-10,31,36,59,46,59,58,68,27,40,53,63,51,84,82,93,91,85,10,69,50,85,85,81,93,94,82,83,19,43,12,19,17,8,33,47,21,85,37,55,58,41,0,0,0,0,-13,-7,-83,-68,-74,-54,-81,-44,-139,-142,-327,-332,-323,-309,-352,-340,-353,-336,-329,-329,-324,-318,-562,-547,-489,-415,-471,-471,-473,-473,-465,-458,-436,-425,-513,-509,-702,-679,-967,-967,-967,-964,-964,-964,-952,-952,-931,-685,-958,-935,-29983,-29984,-29984,-29983,-29983,-29984]} 1. e4 c6 2. d4 d5 3. e5 Bf5 4. h4 h5 5. c4 e6 6. Nc3 Ne7 {LiveBook: 259 Games} 7. Nge2 {B12: Caro-Kann: Advance Variation} Bg4 8. Bg5 Qb6 9. Qd2 {White is slightly better.} Nd7 10. cxd5 cxd5 11. Ng3 f6 12. exf6 gxf6 13. Be3 Nf5 14. Nxf5 Bxf5 {[#]} 15. Rc1 $146 Rc8 16. Bb5 (16. Be2 $16) 16... a6 ({Black should play} 16... Rxc3 $1 $11 17. Bxd7+ Kxd7 18. bxc3 (18. Qxc3 $2 {loses.} Bb4 $19) 18... Ba3) 17. Ba4 Qd8 18. O-O Kf7 19. Ne2 Nb6 {And now ...Rxc1 would win.} 20. Rxc8 Qxc8 21. Bd1 (21. Rc1 $16 Qd8 22. Bb3) 21... Nc4 $11 22. Qc1 Bg4 23. Bf4 Be7 24. Ng3 Bxd1 25. Rxd1 Qg8 (25... Na5 $11) 26. Re1 Qg4 27. b3 Ba3 28. Qc2 Qxf4 29. bxc4 Qxd4 30. Qb3 {aiming for cxd5.} Be7 31. Qxb7 (31. cxd5 $1 $11 {remains equal.} Qxd5 32. Qb1) 31... Qxc4 $17 32. Qb6 d4 33. Ne4 Rc8 34. Qa7 (34. Nd6+ $15 Bxd6 35. Qxd6) 34... Rc7 $36 {[%mdl 2048] Black is on the roll.} 35. Qb8 $2 (35. Qa8 $17 {is a better defense.} Qb4 36. Rd1) 35... Qb4 $19 36. Qxb4 Bxb4 {[%mdl 4096] Endgame KRB-KRN} 37. Rb1 a5 38. f3 d3 39. Rd1 {[#]} d2 $1 {[%mdl 512]} 40. Kf1 (40. Nxd2 Rd7) 40... Rc2 41. a3 $2 (41. a4) 41... Bxa3 42. Nxd2 Bb4 43. Ne4 a4 44. Rb1 Be7 45. Rb7 {If White can now play Nd6+ this consolidates a bit.} Ke8 46. Rb8+ {[#]} Kd7 $1 47. Rb7+ Kd8 48. g4 a3 49. gxh5 a2 50. Ra7 Rc1+ 51. Kg2 a1=Q 52. Rxa1 Rxa1 53. h6 Bf8 54. Nd6 Ra2+ 55. Kh3 Bxd6 {Black mates.} 56. h7 Rh2+ 57. Kg4 f5+ {Accuracy: White = 51%, Black = 66%.} 0-1

[Event "Baku Open 2018"]
[Site "Baku"]
[Date "2018.11.27"]
[Round "4"]
[White "Sanikidze, Tornike"]
[Black "Guseinov, Gadir"]
[Result "1/2-1/2"]
[WhiteElo "2512"]
[BlackElo "2664"]
[Annotator "TA"]
[PlyCount "69"]
[EventDate "2018.11.24"]
[EventType "swiss"]
[EventCountry "AZE"]
[SourceTitle "playchess.com"]
[Source "ChessBase"]
[SourceQuality "1"]

{[%evp 22,69,56,31,37,0,0,0,0,0,0,-44,-14,-13,-14,-20,-20,-24,0,-23,39,0,0,0,0,0,30,33,277,34,46,0,0,0,86,47,85,0,29,0,96,0,29,0,85,0,33,0,88,0]} 1. d4 Nf6 2. c4 g6 3. Nc3 Bg7 4. e4 d6 5. Be2 O-O 6. Bg5 Na6 7. Qd2 e5 8. d5 c6 9. h4 Nc5 {E73: King's Indian: Averbakh Variation without 6...c5} (9... cxd5 10. cxd5 Qa5 11. f3 Bd7 12. g4 h5 13. Bxa6 bxa6 14. Bxf6 Bxf6 15. gxh5 Kg7 16. h6+ Kh7 17. O-O-O Rab8 18. Kb1 Rb4 19. Rc1 Rfb8 {½-½ (34) Balashov,Y (2455)-Kokarev,D (2604) Vladivostok 2012}) 10. f3 {[%cal Bf2f3,Bf3g4][%mdl 32]} cxd5 11. cxd5 Qb6 12. g4 {LiveBook: 4 Games} h5 {[%cal Rh5g4]} 13. O-O-O $146 (13. Bxf6 $5 Bxf6 14. gxh5 $15) ({Predecessor:} 13. Bxf6 Bxf6 14. gxh5 Kg7 15. hxg6 fxg6 16. h5 Kh7 17. hxg6+ Kg8 18. Qh6 {1-0 (41) Seifert,V (2305)-Hillarp Persson,T (2461) Fuerth 2002}) 13... hxg4 {And now ...Nh5 would win.} 14. Bxf6 Bxf6 15. fxg4 Qb4 16. Bf3 Bd7 {Threatening ...Bxg4!} 17. Kb1 Rac8 18. Nge2 Na4 19. Ka1 Bd8 20. Rb1 Bb5 (20... b5 $11) 21. a3 Qa5 {Hoping for ...Bxe2.} 22. h5 {Threatens to win with hxg6.} Nc5 {[%cal Ba4c5,Bc5b3,Bb3d4][%mdl 32] White must now prevent ...Nb3+.} ({But not} 22... Bxe2 $2 23. hxg6 fxg6 24. Qh6 $18 (24. Bxe2 Rf4 $11)) 23. Qh6 g5 $1 24. Ng3 ({Much worse is} 24. Qxd6 Nb3+ 25. Ka2 Bc4 $17) 24... Nb3+ 25. Ka2 {White wants to mate with Nf5.} Nd4 26. Nxb5 (26. Rbc1 $5 {[%cal Rc3b5]} Bc4+ 27. Kb1 $14) 26... Qxb5 27. Bd1 $40 {[%mdl 128] White attacks.} f6 {[#]} (27... Qc4+ $11 28. Ka1 Qd3) 28. Qg6+ $1 $16 Kh8 29. Qh6+ ({Better is} 29. Nf5 $16 Nxf5 30. Qxf5) 29... Kg8 $11 30. Qg6+ ({White should try} 30. Nf5 $11 Nxf5 31. exf5) 30... Kh8 $16 {[#]} 31. Qh6+ (31. Nf5 $1 $16 Nxf5 32. Qxf5) 31... Kg8 $11 32. Qg6+ (32. Nf5 $11 Nxf5 33. exf5) 32... Kh8 $16 33. Qh6+ (33. Nf5 $16 Nxf5 34. Qxf5) 33... Kg8 $14 34. Qg6+ ({White should play} 34. Nf5 $14 Nxf5 35. exf5) 34... Kh8 $16 35. Qh6+ {Accuracy: White = 60%, Black = 65%.} (35. Nf5 $16 Nxf5 36. Qxf5) 1/2-1/2

[Event "Baku Open 2018"]
[Site "Baku"]
[Date "2018.11.27"]
[Round "4"]
[White "Abdulov, Orkhan"]
[Black "Eynullayev, Altay"]
[Result "1-0"]
[WhiteElo "2398"]
[BlackElo "2180"]
[Annotator "NA"]
[PlyCount "73"]
[EventDate "2018.11.24"]
[EventType "swiss"]
[EventCountry "AZE"]
[SourceTitle "playchess.com"]
[Source "ChessBase"]
[SourceQuality "1"]
[TimeControl "40/5400+30:1800+30"]

1. e4 {[%emt 0:07:12]} c5 {[%emt 0:00:44]} 2. d3 {[%emt 0:02:34]} Nc6 {[%emt 0:01:59]} 3. g3 {[%emt 0:00:45]} d6 {[%emt 0:00:53]} 4. Bg2 {[%emt 0:00:02]} g6 {[%emt 0:00:14]} 5. f4 {[%emt 0:00:01]} Bg7 {[%emt 0:02:53]} 6. Nf3 {[%emt 0:03:35]} e6 {[%emt 0:03:33]} 7. O-O {[%emt 0:00:59]} Nge7 {[%emt 0:00:45]} 8. c3 {[%emt 0:00:33]} O-O {[%emt 0:06:56]} 9. Be3 {[%emt 0:02:12]} b6 {[%emt 0:05:35]} 10. d4 {[%emt 0:01:18]} cxd4 {[%emt 0:03:02] B20: Sicilian: Unusual White 2nd moves} (10... Ba6 11. Re1 Rc8 12. Na3 Na5 13. Qd2 Qd7 14. Rad1 Rfd8 15. b3 cxd4 16. Bxd4 Qc7 17. Bxg7 Kxg7 18. c4 {0-1 (58) Amin,B (2643)-Leon Hoyos,M (2579) Istanbul 2012}) 11. Nxd4 {[%emt 0:02:54] LiveBook: 3 Games} Ba6 {[%emt 0:15:42]} 12. Rf2 {[%emt 0:08:10]} Qd7 $146 {[%emt 0:10:05]} ({Predecessor:} 12... Rc8 13. Nxc6 Rxc6 14. Rd2 Qb8 15. a4 d5 16. Na3 dxe4 17. Bxe4 Rcc8 18. Nb5 {½-½ (76) Bocharov,I (2489)-Alikulov,E (2401) Sochi 2015}) 13. Nxc6 {[%emt 0:06:56]} Nxc6 {[%emt 0:00:48]} 14. f5 {[%emt 0:00:01]} (14. Qa4 $14 Bb7 15. Na3) 14... exf5 {[%emt 0:05:23]} 15. exf5 {[%emt 0:01:13]} Rae8 {[%emt 0:01:11]} ({Reject} 15... gxf5 $6 16. Qa4 $14) 16. Bg5 {[%emt 0:15:21]} h6 {[%emt 0:05:02]} ({Black should play} 16... Ne5 $17 17. f6 Bh8) 17. Bd2 {[%emt 0:04:20]} (17. Bf4 $11) 17... gxf5 {[%emt 0:06:36]} (17... Ne5 $17 18. f6 Bh8) 18. Qa4 {[%emt 0:13:01]} Bb7 {[%emt 0:05:37]} 19. Na3 {[%emt 0:02:58]} a6 {[%emt 0:06:23]} 20. Raf1 {[%emt 0:04:46]} b5 {[%emt 0:02:41]} 21. Qh4 $11 {[%emt 0:00:47]} Re6 {[%emt 0:02:32]} 22. Nc2 {[%emt 0:05:21]} Ne7 {[%emt 0:09:29]} 23. Nd4 {[%emt 0:06:46]} Rf6 {[%emt 0:00:29]} 24. Bh3 {[%emt 0:04:47]} Qc7 {[%emt 0:02:01]} 25. Qh5 {[%emt 0:02:05]} Qc5 {[%emt 0:00:56]} 26. Qe2 {[%emt 0:02:04]} Be4 {[%emt 0:00:44]} 27. Bxf5 {[%emt 0:01:06]} Nxf5 {[%emt 0:00:43]} 28. Qxe4 {[%emt 0:00:10]} Nxd4 {[%emt 0:00:28]} 29. cxd4 {[%emt 0:00:10]} Rxf2 {[%emt 0:00:34]} 30. dxc5 {[%emt 0:00:06]} Rxd2 {[%emt 0:00:03]} 31. c6 {[%emt 0:00:26]} Rd4 {[%emt 0:00:43]} 32. Qe7 {[%emt 0:00:38]} d5 {[%emt 0:00:21]} 33. Rc1 {[%emt 0:00:52]} Re4 {[%emt 0:00:10]} 34. Qd7 {[%emt 0:00:18]} Bxb2 {[%emt 0:00:11]} 35. Rc2 {[%emt 0:00:42]} Bd4+ {[%emt 0:01:15]} 36. Kg2 {[%emt 0:00:03]} Ree8 {[%emt 0:00:37]} 37. c7 {[%emt 0:00:17]} 1-0

[Event "Baku Open 2018"]
[Site "Baku"]
[Date "2018.11.27"]
[Round "4"]
[White "Mgeladze, Tamaz"]
[Black "Gareyev, Timur"]
[Result "1/2-1/2"]
[WhiteElo "2395"]
[BlackElo "2584"]
[Annotator "RC"]
[PlyCount "225"]
[EventDate "2018.11.24"]
[EventType "swiss"]
[EventCountry "AZE"]
[SourceTitle "playchess.com"]
[Source "ChessBase"]
[SourceQuality "1"]
[TimeControl "40/5400+30:1800+30"]

1. c4 {[%emt 0:00:00]} c6 {[%emt 0:07:36]} 2. Nf3 {[%emt 0:02:03]} Nf6 {[%emt 0:00:17]} 3. g3 {[%emt 0:01:31]} d5 {[%emt 0:00:07]} 4. b3 {[%emt 0:01:29]} Bg4 {[%emt 0:00:42]} 5. Bg2 {[%emt 0:00:11]} Nbd7 {[%emt 0:00:13]} 6. Bb2 {[%emt 0:00:20]} e6 {[%emt 0:02:55]} 7. d3 {[%emt 0:01:42]} Bd6 {[%emt 0:01:39]} 8. O-O {[%emt 0:00:33]} h5 {[%emt 0:02:33]} 9. Nbd2 {[%emt 0:06:21]} h4 {[%emt 0:02:03]} 10. e4 {[%emt 0:06:43]} hxg3 {[%emt 0:05:03]} 11. hxg3 {[%emt 0:00:17]} dxe4 {[%emt 0:05:09]} 12. Nxe4 {[%emt 0:01:08]} Be5 {[%emt 0:22:28]} 13. Qc2 {[%emt 0:21:48]} Bxf3 {[%emt 0:21:17]} 14. Bxf3 {[%emt 0:00:14]} Nxe4 {[%emt 0:02:27]} 15. Bxe4 {[%emt 0:00:16]} Qf6 {[%emt 0:01:21]} 16. Bxe5 {[%emt 0:03:34]} Qxe5 {[%emt 0:05:10]} 17. Rfe1 {[%emt 0:03:35]} Qd4 {[%emt 0:01:30]} 18. b4 {[%emt 0:01:31]} O-O {[%emt 0:01:05]} 19. Rab1 {[%emt 0:05:31]} Rfd8 {[%emt 0:00:01]} 20. b5 {[%emt 0:01:51]} Rac8 {[%emt 0:01:33]} 21. bxc6 {[%emt 0:02:18]} bxc6 {[%emt 0:00:06]} 22. Qa4 {[%emt 0:04:01]} Ne5 {[%emt 0:05:16]} 23. Rb7 {[%emt 0:00:48]} f5 {[%emt 0:00:47]} 24. Bg2 {[%emt 0:00:32]} Nxd3 {[%emt 0:00:12]} 25. Re3 {[%emt 0:07:43]} Nc5 {[%emt 0:03:05]} 26. Qxa7 {[%emt 0:00:09]} Nxb7 {[%emt 0:01:01]} 27. Qxb7 {[%emt 0:00:03]} Qxc4 {[%emt 0:00:17]} 28. a4 {[%emt 0:00:34]} Qxa4 {[%emt 0:02:27]} 29. Rxe6 {[%emt 0:00:20]} Qd1+ {[%emt 0:00:31]} 30. Kh2 {[%emt 0:00:32]} Qh5+ {[%emt 0:00:10]} 31. Bh3 {[%emt 0:00:17]} Rb8 {[%emt 0:03:57]} 32. Qxc6 {[%emt 0:02:27]} Rb2 {[%emt 0:00:09]} 33. Kg2 {[%emt 0:00:01]} Qf7 {[%emt 0:02:41]} 34. Kg1 {[%emt 0:05:28]} Rb1+ {[%emt 0:00:12]} 35. Kh2 {[%emt 0:00:19]} Rb2 {[%emt 0:00:12]} 36. Kg1 {[%emt 0:00:17]} Rbd2 {[%emt 0:00:47]} 37. Re5 {[%emt 0:02:43]} Rd1+ {[%emt 0:00:23]} 38. Kh2 {[%emt 0:00:26]} R1d6 {[%emt 0:00:06]} 39. Qc5 {[%emt 0:00:50]} Rd5 {[%emt 0:00:48]} 40. Qb6 {[%emt 0:00:00]} Rxe5 {[%emt 0:00:00]} 41. Qxd8+ {[%emt 0:01:38]} Re8 {[%emt 0:01:33]} 42. Qd6 {[%emt 0:00:29]} g6 {[%emt 0:05:59]} 43. Bg2 {[%emt 0:01:05]} Kg7 {[%emt 0:01:05]} 44. Bd5 {[%emt 0:00:36]} Qa7 {[%emt 0:00:52]} 45. Kg2 {[%emt 0:03:31]} Re2 {[%emt 0:01:18]} 46. Qf4 {[%emt 0:00:04]} Qc5 {[%emt 0:00:18]} 47. Kf1 {[%emt 0:02:20]} Re7 {[%emt 0:09:33]} 48. Qd2 {[%emt 0:04:09]} Rd7 {[%emt 0:02:47]} 49. Qb2+ {[%emt 0:00:47]} Kh7 {[%emt 0:00:17]} 50. Bf3 {[%emt 0:01:39]} Qd4 {[%emt 0:00:02]} 51. Qb8 {[%emt 0:00:46]} Re7 {[%emt 0:02:54]} 52. Kg2 {[%emt 0:01:41]} Kg7 {[%emt 0:00:03]} 53. Qa8 {[%emt 0:01:21]} Ra7 {[%emt 0:02:35]} 54. Qe8 {[%emt 0:00:30]} Qd6 {[%emt 0:00:47]} 55. Qe3 {[%emt 0:00:49]} Re7 {[%emt 0:00:17]} 56. Qc3+ {[%emt 0:02:30]} Qe5 {[%emt 0:00:01]} 57. Qc1 {[%emt 0:00:01]} Qd4 {[%emt 0:00:15]} 58. Qc8 {[%emt 0:02:36]} f4 {[%emt 0:00:37]} 59. g4 {[%emt 0:00:57]} Qe5 {[%emt 0:01:00]} 60. Qd8 {[%emt 0:00:25]} Qf6 {[%emt 0:01:05]} 61. Qd5 {[%emt 0:01:00]} Kh6 {[%emt 0:00:22]} 62. Qd8 {[%emt 0:01:10]} Kg5 {[%emt 0:00:22]} 63. Qd5+ {[%emt 0:00:31]} Re5 {[%emt 0:00:06]} 64. Qd4 {[%emt 0:00:42]} Kh6 {[%emt 0:01:33]} 65. Qd7 {[%emt 0:00:30]} Qe7 {[%emt 0:00:59]} 66. Qd4 {[%emt 0:00:04]} Qf6 {[%emt 0:00:31]} 67. Qd7 {[%emt 0:00:03]} Re7 {[%emt 0:00:08]} 68. Qd8 {[%emt 0:00:09]} Re6 {[%emt 0:00:43]} 69. Qd5 {[%emt 0:03:01]} Rd6 {[%emt 0:00:12]} 70. Qa5 {[%emt 0:00:13]} Rd4 {[%emt 0:01:31]} 71. Qc3 {[%emt 0:03:17]} Qd6 {[%emt 0:00:50]} 72. Qc8 {[%emt 0:00:31]} Kg7 {[%emt 0:00:31]} 73. Qb7+ {[%emt 0:00:33]} Kf8 {[%emt 0:00:40]} 74. Qh7 {[%emt 0:01:04]} Qf6 {[%emt 0:01:09]} 75. Qc7 {[%emt 0:00:33]} Rd2 {[%emt 0:00:59]} 76. Qc5+ {[%emt 0:01:44]} Qd6 {[%emt 0:01:24]} 77. Qc8+ {[%emt 0:00:29]} Kg7 {[%emt 0:00:12]} 78. Qe8 {[%emt 0:00:22]} Qc5 {[%emt 0:00:43]} 79. Qe1 {[%emt 0:00:39]} Qe3 {[%emt 0:00:57]} 80. Qf1 {[%emt 0:01:05]} Kf6 {[%emt 0:01:04]} 81. Qa6+ {[%emt 0:02:18]} Kg5 {[%emt 0:00:40]} 82. Qb5+ {[%emt 0:00:11]} Kh4 {[%emt 0:00:44]} 83. Qf1 {[%emt 0:00:04]} Rc2 {[%emt 0:01:15]} 84. Qh1+ {[%emt 0:01:10]} Kg5 {[%emt 0:00:02]} 85. Qf1 {[%emt 0:00:01]} Rb2 {[%emt 0:00:24]} 86. Qg1 {[%emt 0:00:48]} Qd2 {[%emt 0:00:35]} 87. Qf1 {[%emt 0:00:02]} Rc2 {[%emt 0:01:36]} 88. Qb5+ {[%emt 0:00:20]} Kf6 {[%emt 0:01:41]} 89. g5+ {[%emt 0:04:19]} Ke7 {[%emt 0:00:05]} 90. Qe5+ {[%emt 0:00:23]} Kd8 {[%emt 0:00:16]} 91. Qb8+ {[%emt 0:00:46]} Kd7 {[%emt 0:00:31]} 92. Qa7+ {[%emt 0:01:03]} Kd6 {[%emt 0:00:43]} 93. Qb6+ {[%emt 0:00:12]} Ke7 {[%emt 0:00:45]} 94. Qf6+ {[%emt 0:00:05]} Kd7 {[%emt 0:00:19]} 95. Qf7+ {[%emt 0:00:49]} Kd8 {[%emt 0:00:06]} 96. Qf8+ {[%emt 0:01:28]} Kc7 {[%emt 0:00:08]} 97. Qf7+ {[%emt 0:00:02]} Kb6 {[%emt 0:00:39]} 98. Qxg6+ {[%emt 0:00:53]} Ka5 {[%emt 0:00:07]} 99. Qf5+ {[%emt 0:00:02]} Ka4 {[%emt 0:01:01]} 100. Qe4+ {[%emt 0:00:30]} Ka3 {[%emt 0:00:11]} 101. Qa8+ {[%emt 0:00:37]} Kb2 {[%emt 0:00:05]} 102. Qb7+ {[%emt 0:00:32]} Kc1 {[%emt 0:00:09]} 103. Qa7 {[%emt 0:00:18]} Ra2 {[%emt 0:01:56]} 104. Qc5+ {[%emt 0:00:18]} Rc2 {[%emt 0:00:18]} 105. Qa3+ {[%emt 0:00:23]} Kb1 {[%emt 0:00:15]} 106. Qb3+ {[%emt 0:03:01]} Ka1 {[%emt 0:00:15]} 107. Qa4+ {[%emt 0:01:03]} Kb2 {[%emt 0:00:36]} 108. Qb5+ {[%emt 0:01:18]} Ka1 {[%emt 0:00:11]} 109. Qa6+ {[%emt 0:00:21]} Ra2 {[%emt 0:01:12]} 110. Qf1+ {[%emt 0:00:04]} Kb2 {[%emt 0:00:02]} 111. Qb5+ {[%emt 0:00:22]} Ka1 {[%emt 0:00:10]} 112. Qf1+ {[%emt 0:00:04]} Kb2 {[%emt 0:00:05]} 113. Qb5+ {[%emt 0:00:02]} 1/2-1/2